000 00598nam a22002297a 4500
003 UA-OsUOA
001 95642
007 ta
008 20130306b un ||||| |||| 00| 0 ukr d
100 _aГрінченко Б.Д.
090 _a821.161.2
_bГ85
942 _cBK
040 _aUA-OsUOA
_bukr
_cUA-OsUOA
_dUA-OsUOA
245 _aТвори
_b3
_cСоняшний промінь
300 _a247 с.
955 _a3
041 _aukr
080 _a821.161.2
260 _aК.
_bРУХ
_c1930
650 7 _a82 Література. Літературознавство
_2UDC
999 _c381850
_d381850